Anatomía y fisiología : estudio de cuerpo humano /
Guardado en:
| Autor Principal: | |
|---|---|
| Formato: | Libro |
| Publicado: |
Buenos Aires :
Cesarini,
1977
|
| Edición: | 18a. ed. |
| Materias: | |
| Etiquetas: |
Agregar Etiqueta
Sin Etiquetas, Sea el primero en etiquetar este registro!
|
| LEADER | 00511nam a22001815a 4500 | ||
|---|---|---|---|
| 001 | CEM.cems002050 | ||
| 005 | 20060215000000.0 | ||
| 008 | 130507s1977##################000#0#####d | ||
| 003 | CEMS | ||
| 082 | 0 | 4 | |a 611 |
| 100 | 1 | |a Dembo, Adolfo | |
| 245 | 1 | 0 | |a Anatomía y fisiología : |b estudio de cuerpo humano / |c Adolfo Dembo |
| 250 | |a 18a. ed. | ||
| 260 | |a Buenos Aires : |b Cesarini, |c 1977 | ||
| 300 | |a 359 p. | ||
| 653 | |a Anatomia | ||
| 653 | |a Fisiologia | ||
| 859 | |a CEMS |b BIB. CEMS - 11 de abril |h 611 |i D393a18 |p 13027.84 |t Ej.1 | ||
